000 01259nam a22002657a 4500
005 20170124102956.0
010 _aB-009180
020 _c400.00
_a8186120688
035 _aB-009180
037 _bCen Lib/Ret
040 _aDPL
_bHN
082 _a811.08
_bशर्मावि
100 _aशर्मा, विश्वनाथ
_953114
245 _aशूद्रक का म्रच्छकटिक :
_cविश्वनाथ शर्मा
_bएक आलोचनात्मक अध्ययन /
246 _aShudrak ka mrachchhkatik : ek alochnatmak adhhyan /
_bby Vishvnath Sharma
260 _aजयपुर
_bहंसा प्रकाशन
_c1999
270 _a57, नाटाणी भवन, चांदपोल बाज़ार
_bजयपुर
_e302003
300 _a292पृ.
_c21सेमी (सजिल्द)
500 _aसहायक ग्रन्थ सूची शामिल
650 _aहिंदी साहित्य
_953115
650 _aहिंदी साहित्य -- आलोचना
_942836
650 _aHindi literature
_953116
650 _aHindi literature -- Criticism
_953117
942 _2ddc
_cHN
_h811.08
_mशर्मावि
999 _c113628
_d113628